| 000 -CABECERA |
| Longitud fija campo de control |
00545nam a2200193 a 4500 |
| 001 - NÚMERO DE CONTROL |
| Número de control |
3805 |
| 003 - IDENTIFICADOR DEL NÚMERO DE CONTROL |
| Identificador del número de control |
CDMR |
| 005 - FECHA Y HORA DE LA ÚLTIMA TRANSACCIÓN |
| Fecha y hora de la última transacción |
20130523192200.0 |
| 008 - CÓDIGOS DE INFORMACIÓN DE LONGITUD FIJA |
| Códigos de información de longitud fija |
130130s2009||||||||||||||||||||||||||||d |
| 020 ## - NÚMERO INTERNACIONAL NORMALIZADO PARA LIBROS |
| Número Internacional Normalizado para Libros (ISBN) |
9788480432061 |
| 040 ## - FUENTE DE LA CATALOGACIÓN |
| Centro catalogador de origen |
CDMR |
| Lengua de catalogación |
cat |
| Centro transcriptor |
CDMR |
| 100 1# - PUNTO DE ACCESO PRINCIPAL-NOMBRE DE PERSONA |
| Nombre de persona |
Whelan, Richard |
| 9 (RLIN) |
2690 |
| 245 10 - MENCIÓN DE TÍTULO |
| Título |
¡ Esto es la guerra ! |
| Resto del título |
: Robert Capa en acción |
| 260 ## - PUBLICACIÓN, DISTRIBUCIÓN, ETC. (PIE DE IMPRENTA) |
| Lugar de publicación, distribución, etc. |
Barcelona |
| Fecha de publicación, distribución, etc. |
2009 |
| Nombre del editor, distribuidor, etc. |
Museu Nacional d'Art de Catalunya |
| 500 ## - NOTA GENERAL |
| Nota general |
Catàleg d'exposició |
| 600 1# - PUNTO DE ACCESO ADICIONAL DE MATERIA - NOMBRE DE PERSONA |
| 9 (RLIN) |
3197 |
| Nombre de persona |
Capa, Robert |
| 650 04 - PUNTO DE ACCESO ADICIONAL DE MATERIA - TÉRMINO DE MATERIA |
| 9 (RLIN) |
3145 |
| Término de materia o nombre geográfico como elemento inicial |
Fotografia |
| Subdivisión de materia general |
Exposicions |
| 942 ## - ENTRADA DE ELEMENTOS AGREGADOS (KOHA) |
| Koha [por defecto] tipo de item |
Monografies |
| Fuente de clasificaión o esquema |
|